000 00463nam a2200169 a 4500
003 SISC
005 20190423090815.0
008 020824s19uu xx 00 eng d
050 _aHF 5415
_b.Ac12 2009
100 _aAc-ac, Maria Victoria M.
245 _aPrinciples of marketing /
_cMaria Victoria M. Ac-ac.--
260 _aManila :
_bAnvil,
_c2009.
300 _a295 p. :
_bill. ;
_c25 cm.
546 _aC10385
650 _aMarketing
942 _cBK
_2lcc
_kLOC
999 _c23511
_d23511